| 000 | 00393nam a22001457a 4500 | ||
|---|---|---|---|
| 005 | 20160406110527.0 | ||
| 008 | 091029s2010 nyua 001 0 eng | ||
| 020 | _a9780071633321 | ||
| 020 | _a0071633324 | ||
| 041 | 0 | _aeng | |
| 080 | _a004.42 | ||
| 245 | 1 | 0 |
_aQuickBooks 2010 quicksteps / _cThomas E. Barich. |
| 246 | 1 |
_iSubtitle on cover: _aFinance software for small business |
|
| 942 |
_2udc _cBK |
||
| 999 |
_c696 _d696 |
||